000 00511nam a2200181Ia 4500
999 _c22539
_d22539
003 OSt
005 20200210133623.0
008 190216s9999||||xx |||||||||||||| ||und||
020 _a8179049528
040 _coclc
082 _a297
_bMOU/S
100 _aMoudoodi, Abul Ala
_91860
245 0 _aSathya Sakshyam /
_cAbul Ala Moudoodi
260 _bIslamic Publishing House,
_c2003.
_aKozhikode:
300 _a38 p
650 _aIslamic Culture
942 _cBK
_2ddc
_h297
_iMOU/S
_k297
_mMOU/S